The Great Arc / (Record no. 523364)

000 -LEADER
fixed length control field 00383nam a2200157Ia 4500
005 - DATE AND TIME OF LATEST TRANSACTION
control field 20190131101227.0
008 - FIXED-LENGTH DATA ELEMENTS--GENERAL INFORMATION
fixed length control field 190125s9999 xx 000 0 und d
020 ## - INTERNATIONAL STANDARD BOOK NUMBER
International Standard Book Number 0060195185
040 ## - CATALOGING SOURCE
Transcribing agency DLC
082 ## - DEWEY DECIMAL CLASSIFICATION NUMBER
Classification number 526.10954
Author Mark KEA
100 ## - MAIN ENTRY--PERSONAL NAME
Personal name John Keay
9 (RLIN) 13566
245 ## - TITLE STATEMENT
Title The Great Arc /
260 ## - PUBLICATION, DISTRIBUTION, ETC.
Name of publisher, distributor, etc. Harper Collins
Place of publication, distribution, etc. New York
Date of publication, distribution, etc. 2000
300 ## - PHYSICAL DESCRIPTION
Extent xxi, 182 p. :
942 ## - ADDED ENTRY ELEMENTS (KOHA)
Source of classification or shelving scheme
Koha item type Book
Holdings
Withdrawn status Lost status Source of classification or shelving scheme Damaged status Not for loan Permanent Location Current Location Date acquired Total Checkouts Full call number Barcode Date last seen Date last checked out Price effective from Koha item type
          Central Library (CL) Central Library (CL) 01/31/2019 1 526.10954 KEA NIT-11585 07/15/2020 02/10/2020 01/31/2019 Book
© 2023 Central Library, National University of Sciences and Technology. All Rights Reserved.